Bandeiras de Países com a Maior Quantidade de Verde - Statistics

Estatísticas Gerais
  • Esse quiz foi jogado 9 350 vezes
  • A pontuação média é 11 de 15
Estatísticas das Respostas
Imagem Hint Resposta % Correto
68.8% Brasil
99%
91.6% Arábia Saudita
98%
66.7% Nigéria
92%
79.0% Bangladesh
87%
46.0% Argélia
86%
68.9% Paquistão
85%
83.5% Turquemenistão
70%
74.6% Zâmbia
69%
49.8% Guiana
66%
49.0% Burkina Faso
62%
65.9% Dominica
61%
54.8% Mauritânia
61%
44.9% Togo
60%
52.8% São Tomé e Príncipe
53%
45.0% Ilhas Salomão
46%
Nenhum quiz correspondente encontrado
Distribuição das Pontuações
Porcentagem de Pessoas com Cada Pontuação
Percentil de Números Respondidos
Sua Pontuação Histórica
Você não jogou esse quiz